000 00648nam a22002177a 4500
003 UA-OsUOA
001 89838
007 ta
008 20121112b un ||||| |||| 00| 0 ukr d
100 _aПашко П.В.
090 _a330(477)
_bП22
942 _cSA
040 _aUA-OsUOA
_bukr
_cUA-OsUOA
_dUA-OsUOA
245 _aУдосконалення планування митних надходжень до державного бюджету
300 _aС.50-58
955 _a0
041 _aukr
080 _a330(477)
773 0 _w89828
_tФінанси України
_dК.
_d2012
_g5
650 7 _a330 Економіка взагалі
_2UDC
999 _c376119
_d376119